[Event "Moscow Petrosian Memorial op"]
[Site "Moscow"]
[Date "2015.01.05"]
[Round "2"]
[White "Antonian, Grant"]
[Black "Ulker, Tolga"]
[Result "0-1"]
[WhiteElo "1950"]
[BlackElo "1793"]
[PlyCount "102"]
[EventDate "2015.01.04"]
[EventType "swiss"]
[EventRounds "9"]
[EventCountry "RUS"]
[SourceTitle "CBM 164 Extra"]
[Source "ChessBase"]
[SourceDate "2015.03.02"]
[SourceVersion "1"]
[SourceVersionDate "2015.03.02"]
[SourceQuality "1"]

1. e4 c5 2. Nf3 Nc6 3. d4 cxd4 4. Nxd4 e5 5. Nb5 d6 6. c4 Be6 7. N1c3 a6 8. Na3 Be7 9. Be2 Nf6 10. 0-0 0-0 11. Be3 Rc8 12. f3 Nd7 13. Qd2 Qa5 14. Nd5 Qxd2 15. Nxe7+ Nxe7 16. Bxd2 Nc6 17. Be3 Rfd8 18. Rfd1 Nc5 19. b3 f5 20. exf5 Bxf5 21. Rd2 Ne6 22. Rad1 Ncd4 23. Bxd4 Nxd4 24. Bd3 Bxd3 25. Rxd3 Kf7 26. Nb1 b5 27. Nd2 h6 28. Kf2 g5 29. g3 Rf8 30. Rc1 Ke6 31. Kg2 Rc7 32. Rb1 Rb8 33. Rc1 bxc4 34. Rxc4 Rxc4 35. Nxc4 d5 36. Ne3 Rc8 37. a3 Nc2 38. Nxc2 Rxc2+ 39. Kg1 h5 40. h4 gxh4 41. gxh4 a5 42. Kh1 Ra2 43. a4 Rc2 44. Kg1 Kd6 45. Kf1 Kc5 46. Ke1 d4 47. Kd1 Rh2 48. Kc1 Rxh4 49. Rd2 Rh1+ 50. Kb2 Rf1 51. Rh2 Rxf3 0-1

[Event "EU-ch U12 23rd"]
[Site "Budva"]
[Date "2013.10.01"]
[Round "3"]
[White "Antonian, Grant"]
[Black "Davtyan, Artur"]
[Result "0-1"]
[WhiteElo "1893"]
[BlackElo "1749"]
[PlyCount "136"]
[EventDate "2013.09.29"]
[EventType "swiss"]
[EventRounds "9"]
[EventCountry "MNE"]
[SourceTitle "EXT 2014"]
[Source "ChessBase"]
[SourceDate "2013.11.20"]
[SourceVersion "1"]
[SourceVersionDate "2013.11.20"]
[SourceQuality "1"]

1. e4 c5 2. Nf3 e6 3. c4 Nc6 4. Nc3 g5 5. h3 Bg7 6. d3 h6 7. Bd2 Nge7 8. Qa4 0-0 9. Be2 a6 10. 0-0 Nd4 11. Nxd4 cxd4 12. Nb1 d5 13. exd5 exd5 14. c5 Re8 15. Bf3 Bf5 16. Qb3 Qd7 17. Na3 Be6 18. Rac1 Nc6 19. Nc2 Be5 20. Rfe1 Rad8 21. Nb4 Bg7 22. Bxd5 Bxd5 23. Rxe8+ Qxe8 24. Nxd5 Qe2 25. Bb4 Qe6 26. Re1 Qxd5 27. Re8+ Kh7 28. Rxd8 Qxb3 29. axb3 Nxd8 30. g4 Nc6 31. Bd2 Ne5 32. Kf1 Nxd3 33. Ke2 Ne5 34. f4 gxf4 35. Bxf4 Nd7 36. Bd6 Be5 37. Be7 Nb8 38. Kd3 Nc6 39. Bd6 Bxd6 40. cxd6 Kg6 41. d7 Kf6 42. d8Q+ Nxd8 43. Kxd4 Ne6+ 44. Kd5 Ke7 45. h4 Nf4+ 46. Ke4 Ne6 47. Kd5 Kf6 48. Kd6 a5 49. Kd5 b5 50. Kc6 Nd4+ 51. Kc5 Nxb3+ 52. Kxb5 Nd2 53. Kxa5 Nc4+ 54. Kb4 Nxb2 55. Kc3 Nd1+ 56. Kd4 Nf2 57. g5+ hxg5 58. hxg5+ Kxg5 59. Ke3 Ng4+ 60. Kf3 f5 61. Kg3 f4+ 62. Kf3 Kf5 63. Kg2 Ke4 64. Kf1 Kf3 65. Kg1 Ke2 66. Kg2 f3+ 67. Kg3 f2 68. Kxg4 f1Q 0-1